Normal view MARC view
  • El-Batnani, Lutpi Mustafa

Entry Personal Name

Number of records used in: 1

001 - CONTROL NUMBER

  • control field: 1589

003 - CONTROL NUMBER IDENTIFIER

  • control field: OSt

005 - DATE AND TIME OF LATEST TRANSACTION

  • control field: 20170505091018.0

008 - FIXED-LENGTH DATA ELEMENTS

  • fixed length control field: 170505|| aca||aabn | a|a d

040 ## - CATALOGING SOURCE

  • Original cataloging agency: OSt
  • Transcribing agency: OSt

100 ## - HEADING--PERSONAL NAME

  • Personal name: El-Batnani, Lutpi Mustafa

670 ## - SOURCE DATA FOUND

  • Source citation: Work cat.: (OSt)0: El-Batnani, Lutpi Mustafa, Virus munafiq /, 1997
Pusat Sumber Maklumat Dato' Haji Sarmin Md Hussin, Akademi Kastam Diraja Malaysia, Melaka
Tel: 06-2331106 | Faks: 06-2313787